Finaliści Pucharu Polski w piłce nożnej - Statystyki

Ogólne statystyki
  • Ten quiz został rozwiązany 286 razy
  • Średni wynik to 18 z 33
Statystyki odpowiedzi
Zdobywca
Pucharu
Finalista Klub % Poprawnych
19 6 Legia Warszawa
100%
5 5 Lech Poznań
97%
4 6 Wisła Kraków
93%
2 1 Lechia Gdańsk
87%
2 1 Arka Gdynia
83%
6 7 Górnik Zabrze
83%
0 3 Pogoń Szczecin
81%
3 6 Ruch Chorzów
77%
2 1 Śląsk Wrocław
75%
1 2 Jagiellonia Białystok
73%
2 0 Polonia Warszawa
71%
1 1 ŁKS Łódź
70%
1 0 Widzew Łódź
70%
0 3 Zagłębie Lubin
69%
3 5 GKS Katowice
62%
1 0 Zawisza Bydgoszcz
61%
0 2 Piast Gliwice
57%
0 1 Raków Częstochowa
53%
1 1 Wisła Płock
52%
0 1 Korona Kielce
51%
0 1 Stal Mielec
51%
4 1 Zagłębie Sosnowiec
50%
0 3 Polonia Bytom
48%
3 1 Amica Wronki
47%
1 0 Miedź Legnica
37%
0 2 GKS Bełchatów
35%
1 0 Stal Rzeszów
31%
2 0 Dyskobolia Grodzisk Wielkopolski
27%
1 1 Gwardia Warszawa
17%
0 1 Aluminium Konin
13%
0 1 ROW Rybnik
9%
0 1 Czarni Żagań
6%
0 1 Sparta Lwów
2%
Nie znaleziono quizów pasujących do podanych kryteriów
Rozkład punktacji
Procent ludzi z każdym wynikiem
Percentyl według liczby udzielonych odpowiedzi
Twoja historia wyników
Nie rozwiązałeś tego quizu